MARC

LEADER 00000nab a2200000 ar4500
001 vtls009286318
003 SK-MaSNL
005 20260426095108.0
008 080417c2008 xo zr|n|||||||000 b|slo
015 |a SNBRB2008/02  |2 snkbucl 
038 |a SNKBUCL 
040 |a SNKBUCL  |b slo  |e AACR2  |c SNKBUCL 
041 0 |a slo 
044 |a xo  |c SK 
080 |a 351.778.5(=214.58)(437.6)  |2 2001 
080 |a 351.778:323.15(=214.58)(437.6)  |2 2001 
080 |a 374.24(=214.58)  |2 2001 
100 1 |a Oláh, Braňo,  |d 1974-  |4 aut  |9 175613 
245 1 0 |a Vox populi  |c [autor, fotogr.] Braňo Oláh ; [rozhovor s lokálnou konzultantkou FSR] Monika Budovcová 
300 |b Fotogr. 
610 2 7 |a Fond sociálneho rozvoja (Slovensko)  |2 snkbucl  |9 317996 
610 2 7 |a OZ Voka (Banská Bystrica, Slovensko)  |x realizátor projektu  |2 snkbucl  |9 1553241 
611 1 7 |a Cesta k plnohodnotnému životu Rómov, dokončenie sociálnej a ekonomickej integrácie rómskych etnických skupín v Banskobystrickom samosprávnom kraji (projekt  |2 snkbucl  |9 1553242 
648 7 |a 2006  |2 snkbucl  |9 313148 
650 0 7 |a sociálne životné podmienky  |2 snkbucl  |9 1553243 
650 0 7 |a bývanie  |2 snkbucl  |9 1991 
650 0 7 |a romiká  |2 snkbucl  |9 72855 
650 0 7 |a Rómovia  |2 snkbucl  |9 1702 
651 7 |a Slovensko  |2 snkbucl  |9 14231 
700 1 |a Oláh, Braňo,  |d 1974-  |4 aut  |4 ivr  |4 pht  |9 175613 
700 1 |a Budovcová, Monika  |4 aut  |4 ive  |9 390685 
773 0 |t Romano nevo ľil  |g Roč. XVI., č. 769-771 (1. október - 29. október 2006), s. 13 
852 |a SNK  |b KIS3GCP 
958 |a SK  |a RQ 
999 |c 3156582  |d 3158512